000
00334pab a2200145 454500
008
180718b1999 xxu||||| |||| 00| 0 eng d
100
_a
Subramaniam, C.
245
_a
Constitutional reforms
260
_c
1999
300
_a
p.10; 9 Sep 1999, p.10
362
_a
8 Sep
650
_a
Constitutions
773
_a
Hindu
909
_a
43170
999
_c
43170
_d
43170